Online
Catalog

Drogas : (Record no. 22738)

MARC details
000 -CABECERA
campo de control de longitud fija 01041nam a2200277 a 4500
001 - NÚMERO DE CONTROL
campo de control 000023241
005 - FECHA Y HORA DE LA ÚLTIMA TRANSACCIÓN
campo de control 20240412175950.0
008 - DATOS DE LONGITUD FIJA--INFORMACIÓN GENERAL
campo de control de longitud fija 101130s1992 ag ac r 000 0 spa d
020 ## - NÚMERO INTERNACIONAL ESTÁNDAR DEL LIBRO
Número Internacional Estándar del Libro 9506942196
040 ## - FUENTE DE LA CATALOGACIÓN
Centro catalogador/agencia de origen DO-SdBNP
Lengua de catalogación spa
Centro/agencia transcriptor BNPHU
082 ## - NÚMERO DE LA CLASIFICACIÓN DECIMAL DEWEY
Número de clasificación 362.293
Número de documento/Ítem I35d
049 ## - FONDOS LOCALES (OCLC)
Fondos de biblioteca BNGR
100 1# - ENTRADA PRINCIPAL--NOMBRE DE PERSONA
Nombre de persona Inaba, Darryl S.
9 (RLIN) 47862
245 10 - MENCIÓN DE TÍTULO
Título Drogas :
Resto del título estimulantes, depresores, alucinógenos, efectos físicos y mentales del abuso de drogas /
Mención de responsabilidad, etc. Darryl S. Inaba , William E. Cohen ; traducción Cristina Piña.
260 ## - PUBLICACIÓN, DISTRIBUCIÓN, ETC.
Lugar de publicación, distribución, etc. Buenos Aires, Argentina :
Nombre del editor, distribuidor, etc. Grupo Editorial Latinoamericano,
Fecha de publicación, distribución, etc. 1992.
300 ## - DESCRIPCIÓN FÍSICA
Extensión 287 p. :
Otras características físicas il., retrs. ;
Dimensiones 22 cm.
490 1# - MENCIÓN DE SERIE
Mención de serie Controversia
500 ## - NOTA GENERAL
Nota general Incluye bibliografía p. [285-287].
534 ## - NOTA SOBRE LA VERSIÓN ORIGINAL
Encabezamiento principal del original Uprers, downers, all arounders. physical and mental effects of drugs of abuse
650 #0 - PUNTO DE ACCESO ADICIONAL DE MATERIA--TÉRMINO DE MATERIA
Término de materia o nombre geográfico como elemento de entrada Medicamentos
9 (RLIN) 13950
650 #4 - PUNTO DE ACCESO ADICIONAL DE MATERIA--TÉRMINO DE MATERIA
Término de materia o nombre geográfico como elemento de entrada Drogas alucinógenas
9 (RLIN) 47863
650 #4 - PUNTO DE ACCESO ADICIONAL DE MATERIA--TÉRMINO DE MATERIA
Término de materia o nombre geográfico como elemento de entrada Estimulantes
9 (RLIN) 47864
700 1# - PUNTO DE ACCESO ADICIONAL--NOMBRE DE PERSONA
Nombre de persona Cohen, William E.
9 (RLIN) 47865
700 1# - PUNTO DE ACCESO ADICIONAL--NOMBRE DE PERSONA
Nombre de persona Piña, Cristina,
Término indicativo de función/relación tr.
9 (RLIN) 47086
830 #0 - PUNTO DE ACCESO ADICIONAL DE SERIE-TÍTULO UNIFORME
Título uniforme Controversia
9 (RLIN) 47866
Holdings
Estado de retiro Estado de pérdida Restricciones de uso No para préstamo Código de colección Localización permanente Ubicación/localización actual Ubicación en estantería Fecha de adquisición Número de inventario Total de préstamos Signatura topográfica completa Código de barras Fecha visto por última vez Precio válido a partir de Tipo de ítem Koha
        Monografías: Libros y Folletos General General En catalogación 30.11.2010 LF1   362.293 I35d 23241-10 25.06.2020 25.06.2020 Préstamo en sala

Powered by Koha